000 00730nam a2200265Ia 4500
005 20260302114657.0
008 008 260114s9999 xx 000 0 eng d
020 _a9781978748828
037 _aTextbook
040 _aCRL
040 _beng
040 _cCRL
041 _2eng
041 _aeng
084 _qCRL
100 _aDarby Dyer
_91119419
245 2 _aA Shift in the Portrayal and Reception of Homosexuality from the Victorian to the Modern Period
260 _bBloomsbury
260 _bLexington Books
260 _c2025
650 _aLiterary Studies
856 _uhttps://doi.org/10.5040/9781978748828?locatt=label:secondary_bloomsburyCollections
942 _cEBOOK
999 _c1683450
_d1683450